Basic Spanish Vocabulary - Click Quiz - Statistics

General Stats
  • This quiz has been taken 152 times
  • The average score is 14 of 15
Answer Stats
Hint Answer % Correct
Gracias Thanks
97%
Adios Goodbye
96%
Agua Water
96%
Leche Milk
95%
Azul Blue
94%
Verde Green
94%
Manzana Apple
92%
Carne Meat
92%
Toro Bull
91%
Comer Eat
89%
Perro Dog
88%
Dinero Money
88%
Bailar Dance
87%
Dormir Sleep
86%
Corren Run
76%
No matching quizzes found
Score Distribution
Percent of People with Each Score
Percentile by Number Answered
Your Score History
You have not taken this quiz